| 000 | 00480nam a2200157Ia 4500 | ||
|---|---|---|---|
| 008 | 220216s9999 xx 000 0 und d | ||
| 100 | _aSnyder R H | ||
| 245 | 0 | _aProcessing and processability of polyisoprene and natural rubber | |
| 260 | _bProceedings of the Natural Rubber Research Conference, Kuala Lumpur, 1960; p520-536 | ||
| 650 | _aNatural rubber | ||
| 650 | _aPolyisoprene | ||
| 700 | _aFreiwald D E | ||
| 700 | _aHoerauf H W | ||
| 700 | _aNichols P M | ||
| 942 | _cJS | ||
| 999 |
_c65767 _d65767 |
||